| 000 | 00776nam0a22002531 4500 | ||
|---|---|---|---|
| 001 | rc\47478 | ||
| 005 | 20250620160932.0 | ||
| 035 | _a(NLR Aleph) 005327416 | ||
| 090 |
_a6554386 _c6554386 |
||
| 100 | _a20021216d1996 |||y0rusy50 ca | ||
| 101 | 0 | _arus | |
| 102 | _aRU | ||
| 105 | _aa ||||||||| | ||
| 200 | 1 |
_aПитер Пэн _e[Сказка] _fWalt Disney |
|
| 210 |
_aМ. _cКомпания "Эгмонт Россия" _d1996 |
||
| 215 |
_a[24] с. _cцв. ил. _d15 |
||
| 225 | 1 |
_aСборник "Дисней мини" _v10 |
|
| 300 | _aВ вып. дан загл.: Питер Пэн и пираты | ||
| 700 | 1 |
_aДисней _bУ. _f1901-1966 _gУолт |
|
| 801 | 0 |
_aRU _bNLR _gpsbo |
|
| 801 | 1 |
_aRU _bELAR _2rusmarc |
|
| 852 |
_aNLR _j97-1/119 |
||
| 942 | _cBOOK | ||
| 980 | _aNB | ||